000 01110 a2200229 4500
001 57164
005 20260407155834.0
008 260407a2011 arg spa d
003 AR-UNSa-BCEJYS
040 _aAR-UNSa-BCEJYS
_bspa
_cAR-UNSa-BCEJYS
080 _a001.8
_xMetodología. Estudio general del método. Procedimientos científicos y técnicos para el estudio, La investigación y la discusión
245 1 0 _aFundamentos de investigación
_pun enfoque por competencias
020 _a978-607-707-261-4
264 1 _aBuenos Aires :
_bAlfaomega
_c2011
300 _a271 p.
_c23 cm.
505 _a1. Estudio del desarrollo de su profesión y su estado actual – 2. La investigación como proceso de construcción social – 3. Herramientas de comunicación oral – 4. Herramientas de comunicación escrita – 5. Gestión de la información para la investigación documental
041 _aspa
942 _cBK
590 _aniveau_biblio:m niveau_hierar:0
100 1 _aMuñoz, Erica María Lara
856 4 1 _uhttps://biblioeco.unsa.edu.ar/pmb/images/libros/L128734.jpg
_yImagen de portada
_qimage/jpeg
999 _c6156
_d6156